Statistics for FIFA World Cup top goalscorers {Each Tournament}

Click here to take the quiz!

General Stats

  • This quiz has been taken 20 times
  • The average score is 14 of 22

Answer Stats

World CupCountryAnswerGoals% Correct
Russia 2018EnglandHarry Kane6
100%
Brazil 2014ColombiaJames Rodríguez6
100%
Qatar 2022FranceKylian Mbappé8
100%
Germany 2006GermanyMiroslav Klose5
100%
South Korea & Japan 2002BrazilRonaldo8
100%
Mexico 1970West GermanyGerd Müller10
95%
France 1998CroatiaDavor Šuker6
85%
South Africa 2010UruguayDiego Forlán5
85%
England 1966PortugalEusébio9
85%
United States 1994BulgariaHristo Stoichkov6
80%
Mexico 1986EnglandGary Lineker6
75%
Sweden 1958FranceJust Fontaine13
75%
Spain 1982ItalyPaolo Rossi6
65%
Argentina 1978ArgentinaMario Kempes6
60%
Chile 1962BrazilGarrincha4
45%
West Germany 1974PolandGrzegorz Lato7
45%
Italy 1990ItalySalvatore Schillaci6
30%
Brazil 1950BrazilAdemir9
25%
Switzerland 1954HungarySándor Kocsis11
25%
Uruguay 1930ArgentinaGuillermo Stábile8
20%
France 1938BrazilLeônidas7
20%
Italy 1934CzechoslovakiaOldřich Nejedlý5
10%

Score Distribution

Percentile by Number Answered

Percent of People with Each Score

Your Score History

You have not taken this quiz